000 00644nam a2200241Ia 4500
003 OSt
005 20221005082742.0
006 a|||||r|||| 00| 0
007 ta
008 221004b |||||||| |||| 00| 0 eng d
024 _a56606
037 _cTextual
040 _aCRL
_cCRL
_beng
041 _2eng
_aeng
082 _aU.216.N<--D, M6
100 _aMangalain S J
_9612096
245 0 _aHistorical geography and toponomy of Andhra Pradesh
260 _aNew Delhi
_bSundeep
_c1986
300 _a256p.
_ccm.
650 _aGEOGRAPHY
942 _hU.216.N<--D, M6
_cTEXL
_2cc
999 _c989815
_d989815